000 00653cam a2200241 4500
001 D1926
008 090401t1983 xxu||||| |||| 00| 0 eng d
035 _a(Sirsi) u66516
041 _aeng
050 _a690.25
110 _aBuilding Research Establishment
245 _aWood windows: resisting rain penetration at perimeter joints.
260 _aGarston, Watford
_bBRE
_c1983
300 _a1 sheet : ill. ; 30cm.
350 _a0
490 _aDefect Action Sheet
_v15 (Design)
490 _aDAS
_v15
650 _aDAMP
650 _aWATER PENETRATION
690 _aBUILT ENVIRONMENT-BUILDING PATHOLOGY
942 _n0
948 _c04/03/1997
999 _c94887
_d94887